000 00532nam a2200193Ia 4500
008 140321s9999 xx 000 0 und d
020 _a9789381460160
050 _aTX 911
_b.Y1 2013
100 _aYadav, Abhay
245 _aHospitality networking /
_cAbhay Yadav.
250 _a1st ed.
260 _aNew Delhi :
_bCentrum Press,
_cc2013.
300 _a256 p. :
_c23 cm.
500 _aIncludes bibliographical references and index.
521 _aTOU
650 _aHospitality industry.
942 _kFOR
_cBK
999 _c48517
_d48517